Statistiques concernant Pirates de fictions

Cliquez ici pour prendre le quiz!

Statistiques générales

  • Ce quiz a été pris 53 fois
  • Le résultat moyen est 6 sur 22

Statistiques - réponses

DescriptionNom du pirate% Correct
Jeune pirate au chapeau de pailleLuffy
96%
"Le corsaire de l'espace" ou ""78"Albator
62%
Le plus doué des conducteurs du Faucon MilleniumHan Solo
62%
Ancien camarade d'équipage de BarbossaJack Sparrow
62%
Second d'un capitaine qui évite soigneusement les crocodilesMonsieur Mouche
53%
Ennemi juré du chevalier François de Hadocque, l'ancêtre du capitaine HaddockRackham le Rouge
49%
L'amoureux d'Emma dans Once Upon a timeCrochet
38%
Père adoptif de Starlord à la crête rougeYondu
33%
Le pirate des Looney TunesSam le pirate
29%
Capitaine pirate d'AstérixBarbe-Rouge
27%
Cyborg qui fait éplucher des patates à Jim dans La Planète au trésorJohn Silver
13%
Ennemi juré de PopeyeBrutus
9%
Un des personnages principaux de Samourai ChamplooMugen
9%
Père de famille dans La Famille PirateVictor MacBernik
9%
Pirate " Fléau des mers" de League of LegendsGangplank
7%
Pirate légendaire qui a caché un trésor dans "L'Ile au trésor" de StevensonCapitaine Flint
4%
Vieille dame cheffe d'un gang de pirates dans "Le Chateau dans le ciel"Dola
2%
Travaille en collaboration avec Davos dans Game of ThronesSladhor Saan
2%
Pirate espagnol aux deux épées antagoniste de SoulcaliburCervantes de Leon
0%
Race de pirates de reptiliens dans Halo 2Chacals
0%
Ancêtre de Donald ayant vécu au 18eme siècleDonald le Rouge
0%
Enfant pirate de Fallout 3Sortie
0%

Distribution des résultats

Percentile par nombre de réponses

% des personnes avec chaque résultat

Votre développement - résultats

Vous n’avez pas pris ce quiz